MARC details
| 000 -LEADER |
| fixed length control field |
01504cam a2200373 a 4500 |
| 001 - CONTROL NUMBER |
| control field |
14191813 |
| 003 - CONTROL NUMBER IDENTIFIER |
| control field |
GZU |
| 005 - DATE AND TIME OF LATEST TRANSACTION |
| control field |
20210506102543.0 |
| 008 - FIXED-LENGTH DATA ELEMENTS--GENERAL INFORMATION |
| fixed length control field |
051207s2005 enka b 000 0 eng d |
| 010 ## - LIBRARY OF CONGRESS CONTROL NUMBER |
| LC control number |
2005296702 |
| 020 ## - INTERNATIONAL STANDARD BOOK NUMBER |
| International Standard Book Number |
0850927765 |
| 035 ## - SYSTEM CONTROL NUMBER |
| System control number |
(OCoLC)ocm60845583 |
| 040 ## - CATALOGING SOURCE |
| Original cataloging agency |
EQO |
| Transcribing agency |
EQO |
| Modifying agency |
BAKER |
| -- |
GZM |
| -- |
DLC |
| 042 ## - AUTHENTICATION CODE |
| Authentication code |
lccopycat |
| 050 00 - LIBRARY OF CONGRESS CALL NUMBER |
| Classification number |
HD75.9 DOD 2005 |
| Item number |
.D63 2005 |
| 100 1# - MAIN ENTRY--PERSONAL NAME |
| Personal name |
Dodhia, Dinesh. |
| 245 10 - TITLE STATEMENT |
| Title |
Mainstreaming gender in debt and development resource management : |
| Remainder of title |
a handbook for debt practitioners and gender advocates / |
| Statement of responsibility, etc. |
Dinesh Dodhia and Tina Johnson. |
| 260 ## - PUBLICATION, DISTRIBUTION, ETC. |
| Place of publication, distribution, etc. |
London : |
| Name of publisher, distributor, etc. |
Commonwealth Secretariat, |
| Date of publication, distribution, etc. |
c2005. |
| 300 ## - PHYSICAL DESCRIPTION |
| Extent |
xii, 168 p. : |
| Other physical details |
ill. ; |
| Dimensions |
25 cm. |
| 440 #0 - SERIES STATEMENT/ADDED ENTRY--TITLE |
| Title |
Debt management series ; |
| Volume/sequential designation |
no. 3 |
| 500 ## - GENERAL NOTE |
| General note |
Includes bibliography |
| 504 ## - BIBLIOGRAPHY, ETC. NOTE |
| Bibliography, etc. note |
Includes bibliographical references (p. 125-130) |
| 650 #0 - SUBJECT ADDED ENTRY--TOPICAL TERM |
| Topical term or geographic name entry element |
Economic development projects |
| Geographic subdivision |
Commonwealth countries |
| Form subdivision |
Handbooks, manuals, etc. |
| 650 #0 - SUBJECT ADDED ENTRY--TOPICAL TERM |
| Topical term or geographic name entry element |
Debts, External |
| Geographic subdivision |
Commonwealth countries. |
| 650 #0 - SUBJECT ADDED ENTRY--TOPICAL TERM |
| Topical term or geographic name entry element |
Women in development |
| Geographic subdivision |
Commonwealth countries. |
| 650 #0 - SUBJECT ADDED ENTRY--TOPICAL TERM |
| Topical term or geographic name entry element |
Sex discrimination |
| Geographic subdivision |
Commonwealth countries. |
| 650 #0 - SUBJECT ADDED ENTRY--TOPICAL TERM |
| Topical term or geographic name entry element |
Women |
| General subdivision |
Government policy |
| Geographic subdivision |
Commonwealth countries. |
| 700 1# - ADDED ENTRY--PERSONAL NAME |
| Personal name |
Johnson, Tina. |
| 710 2# - ADDED ENTRY--CORPORATE NAME |
| Corporate name or jurisdiction name as entry element |
Commonwealth Secretariat. |
| 856 41 - ELECTRONIC LOCATION AND ACCESS |
| Materials specified |
Table of contents |
| Uniform Resource Identifier |
<a href="http://www.loc.gov/catdir/toc/fy0603/2005296702.html">http://www.loc.gov/catdir/toc/fy0603/2005296702.html</a> |
| 906 ## - LOCAL DATA ELEMENT F, LDF (RLIN) |
| a |
7 |
| b |
cbc |
| c |
copycat |
| d |
2 |
| e |
ncip |
| f |
20 |
| g |
y-gencatlg |
| 942 ## - ADDED ENTRY ELEMENTS (KOHA) |
| Source of classification or shelving scheme |
Library of Congress Classification |
| Koha item type |
Books |
| Classification part |
75.9 |
| Item part |
DOD |
| Call number prefix |
HD |